|
|
|
|
| LEADER |
01498pam a22003858a 4500 |
| 001 |
00032894 |
| 005 |
20171026081025.0 |
| 008 |
141209s2011 ||||||viesd |
| 020 |
# |
# |
|c 37000
|
| 041 |
0 |
# |
|a vie
|
| 082 |
1 |
4 |
|a 005.5
|b GI108TR
|
| 100 |
1 |
# |
|a Đỗ, Văn Thắng
|
| 245 |
0 |
0 |
|a Giáo trình phân tích dữ liệu bằng phần mềm SPSS
|c Đỗ Văn Thắng, Phan Thanh Huấn
|b Dành cho sinh viên khối ngành Khoa học Xã hội và Nhân văn
|
| 260 |
# |
# |
|a T.P. Hồ Chí Minh
|b Đại học Quốc gia T.P. Hồ Chí Minh
|c 2011
|
| 300 |
# |
# |
|a 338 tr.
|c 21cm.
|
| 500 |
# |
# |
|a Tên ngoài bìa: Giáo trình SPSS. ĐTTS ghi: Đại học Quốc gia T.P. Hồ Chí Minh. Trường Đại học Khao học xã hội và Nhân văn
|
| 653 |
# |
# |
|a Giáo trình
|
| 653 |
# |
# |
|a Dữ liệu
|
| 653 |
# |
# |
|a Phân tích
|
| 653 |
# |
# |
|a Xử lí thông tin
|
| 653 |
# |
# |
|a Tin học
|
| 653 |
# |
# |
|a Thống kê
|
| 653 |
# |
# |
|a Phần mềm SPSS
|
| 700 |
1 |
# |
|a Phan, Thành Huấn
|
| 852 |
# |
# |
|j KGT.0048046
|j KGT.0048047
|j KGT.0048049
|j KD.0016433
|j KGT.0048048
|
| 852 |
# |
# |
|b Kho đọc
|j KD.0016433
|
| 852 |
# |
# |
|b Kho mượn
|j KGT.0048046
|
| 852 |
# |
# |
|b Kho giáo trình
|j KGT.0048046, KGT.0048047, KGT.0048048, KGT.0048049
|
| 910 |
|
|
|d 9/12/2014
|
| 980 |
# |
# |
|a Trung tâm Học liệu Lê Vũ Hùng, Trường Đại học Đồng Tháp
|